000 00760nam a2200193Ii 4500
003 JO-AjNU
008 230605s9999||||xx |||||||||||||| ||und||
040 _aJO-AjNU
_bara
_erda
_cJO-AjNU
041 _aara
050 1 4 _aK1005.4.T336 1986
100 3 _aطه، مصطفى كمال,
_eauthor
_946534
245 0 0 _aالقانون التجاري: مقدمة - الأعمال التجارية والبحار : الشركات التجارية - الملكية التجارية والصناعية
264 3 1 _aالاسكندرية: الدار الجامعية، 1986
300 _a805ص
336 _atext
_btxt
_2rdacontent
337 _aunmediated
_bn
_2rdamedia
338 _avolume
_bnc
_2rdacarrier
650 4 _aالقانون التجاري - مصر
_946535
999 _aA20252
_c23820
_d23820